Jugadores España #3 - Estadísticas

Estadísticas generales
  • Esta prueba ha sido intentada 74 veces
  • La puntuación promedio es 14 de 20
Estadísticas de respuestas
Imagen Respuesta % Correcto
Ferran Torres
97%
Busquets
91%
Cubarsi
91%
Jordi Alba
91%
Lucas Vazquez
89%
Ceballos
88%
Bryan Gil
74%
Riqui Puig
73%
Brais Mendez
68%
David Soria
62%
Hermoso
62%
De Marcos
61%
Javi Galan
59%
Miguel Gutierrez
58%
Berenguer
56%
Darder
55%
Suso
55%
Alvaro Garcia
52%
Yeray
50%
Ruiz de Galarreta
30%
No se encontraron pruebas coincidentes
Distribución de puntuación
Porcentaje de gente con cada puntuación
Porcentaje por número respondido
Historial de tus puntuaciones
No has intentado esta prueba.